000 00299nam a22001337a 4500
008 170829b xxu||||| |||| 00| 0 eng d
020 _a9781133440147
041 _aeng
080 _a070
100 _a39
101 _aMED
245 _aORAL AND WRITTEN COMMUNICATION
_cSELLNOW,D
942 _2udc
_cBK
999 _c25311
_d25311